| 000 | 02888cam a22006614i 4500 | ||
|---|---|---|---|
| 003 | PE-LiUPU | ||
| 005 | 20250731170424.0 | ||
| 008 | 180823s2017 mx a r 001 0 spa d | ||
| 020 | _a6071731089 | ||
| 020 | _a9786071731081 | ||
| 035 | _a(Sirsi) a249758 | ||
| 040 |
_aPE-LiUPU _bspa _cPE-LiUPU _erda |
||
| 082 | 0 | 4 |
_a155.412 _bA32 _220 |
| 100 | 1 |
_aAguilar, Guido, _eautor. |
|
| 245 | 1 | 0 |
_aProblemas de la conducta y emociones en el niño normal / _cGuido Aguilar. |
| 250 | _aTercera edición. | ||
| 264 | 1 |
_aMexico : _bTrillas, _c2017. |
|
| 300 |
_a416 páginas : _bilustraciones ; _c23 centimetros |
||
| 336 |
_atext _2rdacontent |
||
| 337 |
_aunmediated _2rdamedia |
||
| 338 |
_avolume _2rdacarrier |
||
| 504 | _aÍndice: páginas 399-416. | ||
| 505 | 0 | _aQuiero que mi hijo sea feliz -- Identificación y expresión de emociones a través de actividades divertidas -- Autoestima: cómo ayudar al niño a sentirse seguro -- El enojo en el niño -- El niño tímido y retraído -- Tratamiento de la depresión en los niños -- El niño con déficit de atención e hiperactividad -- TAP: El niño con déficit atencional -- La integración sensorial en el niño -- Clasificación psicopedagógica del bajo rendimiento académico -- Descubrir, desarrollar y potenciar las habilidades cognoscitivas de los niños -- Cómo enseñar a los niños a pensar racionalmente. | |
| 526 | _aSEG68 | ||
| 526 | _aSEG70 | ||
| 526 | _aSEG69 | ||
| 526 | _aSEG67 | ||
| 526 | _aSEG43 | ||
| 526 | _aP144 | ||
| 526 | _aP143 | ||
| 526 | _aP131 | ||
| 526 | _aP122 | ||
| 526 | _aP120 | ||
| 526 | _aP117 | ||
| 526 | _aP112 | ||
| 526 | _aP110 | ||
| 526 | _aP106 | ||
| 526 | _aP101 | ||
| 526 | _aP80 | ||
| 526 | _aP59 | ||
| 526 | _aP54 | ||
| 526 | _aP35 | ||
| 526 | _aP33 | ||
| 526 | _aP30 | ||
| 541 | _g002-00000236; | ||
| 541 | _gF002-00000796; | ||
| 650 | 0 | 4 | _aEmociones infantiles. |
| 650 | 0 | 4 |
_aEmociones _xAspectos psicológicos. |
| 650 | 6 | 0 | _aNiños con problema emocionales. |
| 650 | 0 | 4 | _aPsicología infantil. |
| 910 |
_cgvs _d20180823 |
||
| 910 |
_adbm _bjpc _cjpc _d20190312 |
||
| 942 |
_2ddc _cBOOK |
||
| 949 |
_a155.412 A32 2017 _wDEWEY _c1 _iFT03708 _lCCODEBUT1 _mBUT _p{dolar}92.00 _r0 _sY _tBOOK _u2018-08-23 _xFSALUD _PP33 _0COMPRA _o.STAFF. Colección General Tarapoto |
||
| 596 | _a1 2 | ||
| 999 |
_a155.412 A32 2017 _wLC _c29288 _iFT03708 _d29288 _e2019-5-13 _f2019-2-20 _g1 _lCCODEBUT1 _mBUT _n4 _p92.00 _r0 _sY _tBOOK _u2018-8-23 _xSALUD _zP33 _0COMPRA _o.STAFF. Colección General Tarapoto |
||
| 999 |
_a155.4124 A32 _wDEWEY _c1 _i79906 _d2019-8-27 _e2019-5-31 _f2021-11-3 _g3 _lCCODEBUL1 _mBUL _n3 _p28.00 _q1 _r0 _sY _tBOOK _u2019-3-12 _xSALUD _zP33 _0COMPRA _1FCOMPR2 _o.STAFF. Colección Ciencias de la Salud |
||
| 980 |
_81 _gALBERTO SANCHEZ Responsable de Automatización |
||